00275nam a2200109Ia 4500008004100000100002100041245003700062260003000099650001200129942000700141999001700148190216s9999||||xx |||||||||||||| ||und|| aRussell A Stultz 0aAutobiography Of Bertrand Russel bGeorge Allen & Unwin Ltd aEnglish cBK c12264d12264